载入...
Shyamala Neerajam
| 主要作者: | |
|---|---|
| 格式: | Printed Book |
| 语言: | Malayalam |
| 出版: |
Kamalalaya
Kamalalaya
|
| LEADER | 00436nam a2200121Ia 4500 | ||
|---|---|---|---|
| 008 | 111204s9999 xx 000 0 mal d | ||
| 100 | |a Nadesa Menon. M | ||
| 245 | |a Shyamala Neerajam |c Nadesa Menon. M | ||
| 260 | |b Kamalalaya |a Kamalalaya |c 0 | ||
| 300 | |a 34 | ||
| 942 | |c BK | ||
| 999 | |c 210386 |d 210386 | ||
| 952 | |0 0 |1 0 |2 ddc |4 0 |6 852_000000000000000_16N3_SHY |7 0 |9 232668 |a MAL |b MAL |c ST1 |d 2011-12-05 |g 0.00 |l 0 |o 852.16N3 SHY |p MAL9577 |r 2011-12-05 |v 0.00 |w 2011-12-05 |y BK | ||